Obálka
Pro půjčování e-knih musíte být přihlášeni.
Jak si půjčit online?

Zahrada /

Letos uplyne 95 let od narození renesanční osobnosti, grafika, malíře, ilustrátora a režiséra kreslených a loutkových filmů, Jiřího Trnky (1912-1969). K umělcovu výročí jsme rádi upozornili na jeho mimořádnou dětskou knihu, čtenou Karlem Högerem. Hercova interpretace souzní s autorovým textem, když...

Celý popis

Uloženo v:
Hlavní autor: Trnka, Jiří (Autor)
Další autoři: Höger, Jiří (Autor)
Médium: E-audiokniha
Vydáno: Praha : Supraphon a.s., 2017
Tagy:
Žádné tagy
LEADER 02201nim a22002897i 4500
001 313232
007 sr nunnnnnnned
024 |a 099925584528 
044 |a xr 
100 1 |a  Trnka, Jiří  |4 aut 
245 1 0 |a Zahrada /  |c  Trnka, Jiří 
264 1 |a Praha :  |b Supraphon a.s.,  |c 2017 
300 |a 1 online zdroj (1 hod., 16 min., 30 sek.) 
336 |a mluvené slovo  |b spw  |2 rdacontent 
337 |a audio  |b s  |2 rdamedia 
338 |a online zdroj  |b cr  |2 rdacarrier 
505 0 0 |t Seznámení s pěti kluky a kocourem (9 min., 19 sek.) 
505 0 0 |t Kocourova jízda (14 min., 6 sek.) 
505 0 0 |t Kocourovo bolení břicha (17 min., 18 sek.) 
505 0 0 |t Šípková Karkulka (14 min., 31 sek.) 
505 0 0 |t Kocourovy blechy (21 min., 17 sek.) 
520 2 |a Letos uplyne 95 let od narození renesanční osobnosti, grafika, malíře, ilustrátora a režiséra kreslených a loutkových filmů, Jiřího Trnky (1912-1969). K umělcovu výročí jsme rádi upozornili na jeho mimořádnou dětskou knihu, čtenou Karlem Högerem. Hercova interpretace souzní s autorovým textem, když mistrně rozehrává nuance nevysvětlitelných záhad kouzelné zahrady, takže poslech může být zážitkemnejen pro děti, ale i jejich rodiče. Fantazijní příběh má pět dětských hrdinů, dále pět slonů, jednoho zlomyslného kocoura, jednoho trpaslíka a spoustu psů, kteří si do tajemné zahrady, kde sedějí zázraky, chodí pít psí víno. Sloni zde klukům sehrají divadelní představení s názvem Šípková Karkulka, se psy zažijí kluci veselý večírek, ale především si užijí zábavy s potměšilým a poťouchlým kocourem. Pohádkový příběh mohou znát děti i z animovaného filmu Břetislava Pojara. Setkání dvou mistrů - Karla Högera a Jiřího Trnky nad jednou nádhernou pohádkou. 
700 1 |a  Höger, Jiří  |4 nrt 
910 |a RBIT002 
998 |d 400164  |a https://core.palmknihy.cz/api/books/400164/cover?shcg5n  |b https://core.palmknihy.cz/api/books/400164/cover/400?shcg5n  |c https://core.palmknihy.cz/api/books/400164/cover/50?shcg5n  |e 2099-01-01  |i 099925584528  |l 4590  |q 49  |r 1  |s https://www.palmknihy.cz/kniha/400164  |t audiobook  |y 2017  |z 1 
999 |d 313230